NBA All-Star MVPs - Statistics

General Stats
  • This quiz has been taken 7 times
  • The average score is 40 of 75
Answer Stats
Hint Answer % Correct
2019 Kevin Durant
100%
2012 Kevin Durant
100%
2011 Kobe Bryant
100%
2007 Kobe Bryant
100%
2002 Kobe Bryant
100%
2018 Lebron James
100%
2008 Lebron James
100%
2006 Lebron James
100%
1998 Michael Jordan
100%
1996 Michael Jordan
100%
1988 Michael Jordan
100%
2009 Shaquille O'Neal/Kobe Bryant
100%
2025 Stephen Curry
100%
2022 Stephen Curry
100%
1972 Jerry West
83%
1993 John Stockton
83%
1989 Karl Malone
83%
1992 Magic Johnson
83%
1990 Magic Johnson
83%
2004 Shaquille O'Neal
83%
2000 Shaquille O'Neal/Tim Duncan
83%
1960 Wilt Chamberlain
83%
2026 Anthony Edwards
67%
2021 Giannis Antetokounmpo
67%
1986 Isiah Thomas
67%
1984 Isiah Thomas
67%
1982 Larry Bird
67%
2016 Russell Westbrook
67%
2015 Russell Westbrook
67%
1994 Scottie Pippen
67%
2005 Allen Iverson
50%
2001 Allen Iverson
50%
1963 Bill Russell
50%
2024 Damian Lillard
50%
1979 David Thompson
50%
1953 George Mikan
50%
1997 Glen Rice
50%
1968 Hal Greer
50%
2023 Jayson Tatum
50%
2003 Kevin Garnett
50%
2014 Kyrie Irving
50%
2017 Anthony Davis
33%
1957 Bob Cousy
33%
1954 Bob Cousy
33%
1974 Bob Lanier
33%
1962 Bob Pettit
33%
1959 Bob Pettit
33%
1958 Bob Pettit
33%
1956 Bob Pettit
33%
1991 Charles Barkley
33%
1976 Dave Bing
33%
1951 Ed Macauley
33%
1980 George Gervin
33%
1983 Julius Erving
33%
1977 Julius Erving
33%
2020 Kawhi Leonard
33%
1985 Ralph Sampson
33%
1967 Rick Barry
33%
1987 Tom Chambers
33%
1970 Willis Reed
33%
1955 Bill Sharman
17%
2013 Chris Paul
17%
1973 Dave Cowens
17%
1965 Jerry Lucas
17%
1971 Lenny Wilkens
17%
1995 Mitch Richmond
17%
1981 Nate Archibald
17%
1969 Oscar Robertson
17%
1964 Oscar Robertson
17%
1961 Oscar Robertson
17%
1952 Paul Arizin
17%
1975 Walt Frazier
17%
1966 Adrian Smith
0%
2010 Dwayne Wade
0%
1978 Randy Smith
0%
No matching quizzes found
Score Distribution
Percent of People with Each Score
Percentile by Number Answered
Your Score History
You have not taken this quiz